Las culturas populares en la América Latina y us intergración en la antropología / (Record no. 73737)

MARC details
000 -LEADER
campo de control de longitud fija 00727nam a2200193 i 4500
001 - NÚMERO DE CONTROL
campo de control 73737
003 - IDENTIFICADOR DE NÚMERO DE CONTROL
campo de control ES-MaACL
005 - FECHA Y HORA DE LA ÚLTIMA TRANSACCIÓN
campo de control 20250718191337.0
007 - CAMPO FIJO DE DESCRIPCIÓN FÍSICA--INFORMACIÓN GENERAL
campo de control de longitud fija t|
008 - DATOS DE LONGITUD FIJA--INFORMACIÓN GENERAL
campo de control de longitud fija 040910s1985 sp ||||1| spa d
100 0# - ENTRADA PRINCIPAL--NOMBRE DE PERSONA
Nombre de persona Gómez-Tabanera, José Manuel,
Fechas asociadas al nombre 1926-2011
9 (RLIN) 58165
245 14 - MENCIÓN DEL TÍTULO
Título Las culturas populares en la América Latina y us intergración en la antropología /
Mención de responsabilidad, etc. José Manuel Gómez-Tabanera.
260 ## - PUBLICACIÓN, DISTRIBUCIÓN, ETC.
Lugar de publicación, distribución, etc. [S. l. :
Nombre del editor, distribuidor, etc. s.n.,
Fecha de publicación, distribución, etc. 1985]
300 ## - DESCRIPCIÓN FÍSICA
Extensión 15 p. ;
Dimensiones 22 cm.
500 ## - NOTA GENERAL
Nota general Es Separata de: Congreso Internacional de Americanistas (45a, 1985, Colombia)
711 2# - ENTRADA AGREGADA--NOMBRE DE REUNIÓN
Nombre de congreso/reunión o jurisdicción como elemento de entrada Congreso Internacional de Americanistas
Número del congreso/reunión o número de parte o sección (45º.
Fecha del congreso o de la firma del tratado 1985.
Sede del congreso/Lugar de la reunión Bogotá)
9 (RLIN) 162825
852 ## - LOCALIZACIÓN
Ubicación ES-MaACL
Número de control de estantería 2135-F-27
Sublocalización o colección R.108827
Holdings
Estatus retirado Estado de pérdida Estado de daño No para préstamo Colección Biblioteca de origen Biblioteca actual Ubicación en estantería Fecha de adquisición Fuente de adquisición Total de préstamos Signatura topográfica completa Código de barras Visto por última vez Precio de reemplazo Tipo de ítem Koha
        Colección de folletos Biblioteca del Ateneo de Madrid Biblioteca del Ateneo de Madrid Depósito folletos 17/01/2008     2135-F-27 1077181 23/02/2023 23/02/2023 Folleto